Normal view
MARC view
- R. A. Hudson
Entry Personal Name
001 - CONTROL NUMBER
- control field: 4822
003 - CONTROL NUMBER IDENTIFIER
- control field: OSt
005 - DATE AND TIME OF LATEST TRANSACTION
- control field: 20221102055441.0
008 - FIXED-LENGTH DATA ELEMENTS
- fixed length control field: 221102|| aca||aabn | a|a d
040 ## - CATALOGING SOURCE
- Original cataloging agency: OSt
- Transcribing agency: OSt
100 ## - HEADING--PERSONAL NAME
- Personal name: R. A. Hudson
670 ## - SOURCE DATA FOUND
- Source citation: Work cat.: (OSt)4897: Hudson, R. A. 4821, Sociolinguistics : , c2001
